| 000 | 01345cam a22003857a 4500 | ||
|---|---|---|---|
| 001 | 651 | ||
| 005 | 20230628105858.0 | ||
| 008 | 080805s2008 nyua c 000 1 eng d | ||
| 020 | _a9780439825962 | ||
| 020 | _a0439825962 | ||
| 040 |
_aIMF _cIMF _dIMF _dBAKER _dBTCTA _dDLC _beng |
||
| 050 | 0 | 0 |
_aPZ7.B447547 _bNe 2008 |
| 082 | _aFic | ||
| 100 | 1 | _aBenton, Jim. | |
| 245 | 1 | 0 |
_aNever underestimate your dumbness : _bby Jamie Kelly / _c[by Jim Benton]. |
| 246 | 1 |
_iAt head of title: _aJim Benton's tales from Mackerel Middle School |
|
| 260 |
_aNew York : _bScholastic, _c2008. |
||
| 300 |
_a150 pages : _billustrator ; _c20 cm. |
||
| 505 | _aU | ||
| 520 | _a"...Isabella is probably right. She almost always is...But of all the dumb things she's ever done, this has got to be the dumbest..."--Cover back. | ||
| 521 | 0 |
_a990
_bLexile |
|
| 521 | 1 |
_aU
_bRaz-Plus |
|
| 650 | 1 |
_aDiaries _vFiction. |
|
| 650 | 1 |
_aMiddle schools _vFiction. |
|
| 650 | 1 |
_aSchools _vFiction. |
|
| 650 | 1 |
_aMiddle school students _vFiction. |
|
| 650 | 1 | _aHumorous stories. | |
| 650 | 7 |
_aDiaries _vFiction. _2sears |
|
| 650 | 7 |
_aWeddings _vFiction. _2sears |
|
| 650 | 7 |
_aMiddle schools _vFiction. _2sears |
|
| 650 | 7 |
_aSchool stories. _2sears |
|
| 650 | 7 |
_aHumorous fiction. _2sears |
|
| 906 |
_a7 _bibc _ccopycat _d2 _encip _f20 _gy-gencatlg |
||
| 942 |
_2ddc _cBK _n0 |
||
| 999 |
_c651 _d651 |
||